| 000 | 00672nam a22001935i 4500 | ||
|---|---|---|---|
| 001 | 168970 | ||
| 003 | ES-MaACL | ||
| 005 | 20250809063534.0 | ||
| 008 | 080709s1975 sp |||| | spa d | ||
| 080 | _a94(460.288 Hellín) | ||
| 100 | 1 |
_aVilar, Juan Bautista, _d1941-2018 _9114797 |
|
| 245 | 1 | 3 |
_aLa musulmana Iyyu(h), Hellín actual / _cpor Juan Bta. Vilar. |
| 260 |
_a[Albacete : _bs.n., _c1975?] |
||
| 300 |
_ap. 21-25 : _bil. ; _c21 cm. |
||
| 595 | _aSeparata de: Al-Basit: revista de estudios albacetenses, nº 3. | ||
| 651 | 4 |
_aHellín- _xHistoria. _98819 |
|
| 852 |
_aES-MaACL _j2232-F-11 _9R.137654 _z.- Ded. ms. del autor |
||
| 999 |
_c168970 _d168970 |
||